| 000 | 00654nam a22001577a 4500 | ||
|---|---|---|---|
| 003 | LRUA | ||
| 005 | 20220830103626.0 | ||
| 008 | 220830b xxu||||| |||| 00| 0 eng d | ||
| 040 | _cRUA | ||
| 082 | _2VEM PAK 2019 B1-558 Or. | ||
| 100 |
_915159 _aPAK SOKUNTHEARY,ប៉ាក សុគុន្ធារី |
||
| 245 | _aFASCIOLA IN CATTLE AT ANLONG TNOUT COMMUNE,KRAKOR DISTRICT,PURSAT PROVINCE,ករណីFASCIOLAលើគោក្នុងឃុំអន្លង់ត្នោត ស្រុកក្រគរ ខេត្តពោធិ៍សាត់ | ||
| 260 |
_aphnom penh _brua _c2019 |
||
| 300 |
_aviii.34p. _bill. _c29cm. |
||
| 942 |
_2ddc _cVEM |
||
| 999 |
_c20399 _d20399 |
||